Statistics for Top 20 football clubs by Instagram followers

Click here to take the quiz!

General Stats

  • This quiz has been taken 42 times
  • The average score is 15 of 20

Answer Stats

HintAnswer% Correct
63.4mManchester United
100%
125mBarcelona
97%
51.5mManchester City
97%
153mReal Madrid
97%
41.6kmBayern Munich
95%
65mPSG
95%
19.8mBorussia Dortmund
92%
60.3mJuventus
92%
44.7mLiverpool
92%
11.3mInter Milan
89%
28.8mArsenal
86%
41.7mChelsea
86%
15.9mMilan
78%
16.9mTottenham Hotspur
76%
16.7mAtletico Madrid
70%
24.9mAl Nassr
35%
16.3mInter Miami
30%
15mGalatasaray
24%
19.3mFlamengo
16%
11.2mCorinthians
8%

Score Distribution

Percentile by Number Answered

Percent of People with Each Score

Your Score History

You have not taken this quiz